000 00881cab a22002055a 4500
001 L152560
008 110328e2011 xxk 000 0 eng d
035 _a(Sirsi) u152560
041 0 _aeng
100 1 _aWilkinson, Geoff
245 0 0 _aNew European construction regulations could mean simpler rules and a wider variety of products
260 _c2011
490 _aArchitects' Journal
_v233(11) 24 March 2011, 24(1)
520 _aLooks at the Construction Products Regulation (CPR) which will lay down harmonised rules for the marketing of construction and repeal the Construction Products Directive, following the European Parliament vote in January 2011; summary and table of the key changes; building regulations
590 _aKA
651 4 _aUnited Kingdom
_y
690 _aBuilding regulations
_96224
690 _aBUILT ENVIRONMENT-CONSTRUCTION MARKET
942 _n0
999 _c83001
_d83001